000 02723nam0a2200409 4500
001 RU\NLR\BIBL_A\022297687
005 20260420013318.0
010 _a978-5-8064-3454-9
_9300
021 _aRU
_bКН-П-24-037991
_9КН-П-24-3799
035 _a(NLR Aleph) 022297687
090 _a13662635
_c13662635
100 _a20240813d2024 u y0rusy50 ca
101 0 _arus
102 _aRU
105 _aab j 000yy
181 0 _ai
_baxxe
182 0 _an
200 1 _aГосударственные символы Российской Федерации
_eучебно-методическое пособие
_fР. А. Соколов, Д. В. Кузин, Л. В. Искровская [и др.]
_gпод редакцией Р. А. Соколова
_gРоссийский государственный педагогический университет имени А. И. Герцена
203 _aТекст
_bвизуальный
_cнепосредственный
210 _aСанкт-Петербург
_cИзд-во РГПУ им. А. И. Герцена
_d2024
215 _a106, [1] с.
_cтабл., карты
_d21
225 1 _aHerzen
_iИстория
300 _aНа 107-й с. авт.: Соколов Р. А., д-р ист. наук, проф., Кузин Д. В., канд. пед. наук, доц., Искровская Л. В. канд. пед., доц. [и др.]
320 _aБиблиогр.: с. 106 и в подстроч. примеч.
606 1 _aСимволика государственная
_jУчебно-методические пособия для средней школы
_yРоссия
_92270317
_3RU\NLR\AUTH\661360782
606 1 _aСимволика государственная
_jУчебно-методические пособия для средней школы
_yРоссийская Федерация
_92082648
_3RU\NLR\AUTH\661258675
686 1 _aХ2(2)-5я721
686 1 _aХ620.8я721
701 1 _7ca
_8rus
_aСоколов
_bР. А.
_cд-р ист. наук
_gРоман Александрович
_966490
_3RU\NLR\AUTH\7783562
701 1 _7ca
_8rus
_aКузин
_bД. В.
_cканд. пед. наук, история
_f1970-
_gДмитрий Владимирович
_948629
_3RU\NLR\AUTH\7765700
701 1 _aИскровская
_bЛ. В.
_gЛюдмила Владимировна
712 0 2 _4475
_aРоссийский государственный педагогический университет им. А. И. Герцена
_cСанкт-Петербург
_9353794
_3RU\NLR\AUTH\889929136
942 _cBOOK
980 _aNB